| 000 | 00534cam a2200133 4500500 | ||
|---|---|---|---|
| 005 | 20260111091249.0 | ||
| 041 | _afre | ||
| 042 | _adc | ||
| 245 | 0 | 0 | _aAiriau P., Cent ans de laïcité française, 1905-2005, Paris, Pr. Renaissance, 2005, 23x14, 287 p., 18 €. ISBN 2-7509-0073-5 |
| 260 | _c2005. | ||
| 500 | _a32 | ||
| 786 | 0 | _nNouvelle revue théologique | 127 | 4 | 2005-12-15 | p. 647d-650d | 0029-4845 | |
| 856 | 4 | 1 | _uhttps://shs.cairn.info/revue-nouvelle-revue-theologique-2005-4-page-647d?lang=fr&redirect-ssocas=7080 |
| 999 |
_c1620762 _d1620762 |
||